Âm nhạc 8

Sách chọn lọc ra 8 bài hát để từ đó xây dựng thành 8 bài học âm nhạc nhằm giúp giáo viên tiếp tục củng cố, xây dựng và phát triển năng lực âm nhạc của học sinh.

保存先:
書誌詳細
第一著者: Hoàng, Long
フォーマット: 図書
言語:Undetermined
出版事項: Hà Nội Giáo dục Việt Nam 2010
主題:
タグ: タグ追加
タグなし, このレコードへの初めてのタグを付けませんか!
Thư viện lưu trữ: Trung tâm Học liệu Trường Đại học Cần Thơ
LEADER 00822nam a2200217Ia 4500
001 CTU_159041
008 210402s9999 xx 000 0 und d
020 |c 3200 
082 |a 780.712 
082 |b L431/L.8 
100 |a Hoàng, Long 
245 0 |a Âm nhạc 8 
245 0 |c Hoàng Long (Chủ biên) 
260 |a Hà Nội 
260 |b Giáo dục Việt Nam 
260 |c 2010 
520 |a Sách chọn lọc ra 8 bài hát để từ đó xây dựng thành 8 bài học âm nhạc nhằm giúp giáo viên tiếp tục củng cố, xây dựng và phát triển năng lực âm nhạc của học sinh. 
650 |a Music 
650 |x Study and teaching(secondary) 
904 |i Trang (Bạch Trúc) 
980 |a Trung tâm Học liệu Trường Đại học Cần Thơ